000 00305nam a22001217a 4500
005 20251108174723.0
008 250721s9999 xx 000 0 eng d
100 1 _aAfuah, Allan
245 1 0 _aInternet Business Models and Strategies /
264 _bMc-Graw Hill,
942 _2ddc
_cREF
999 _c116304
_d116304